Statistics for Name all Albanian Prime Ministers since 1992

Click here to take the quiz!

General Stats

  • This quiz has been taken 85 times
  • The average score is 3 of 7

Answer Stats

HintAnswer% Correct
2013-Edi Rama
97%
2002-2005Fatos Nano
66%
2005-2013Sali Belisha
55%
2002-2002Pandeli Majko
45%
1999-2002Illr Meta
32%
1997-1997Bashkim Fino
26%
1992-1997Aleksander Meksi
23%

Score Distribution

Percentile by Number Answered

Percent of People with Each Score

Your Score History

You have not taken this quiz